000 00687nam a2200217 u 4500
005 20250826063919.0
008 110907s2003 es r 000 0 spa d
020 _a849735091X
035 _aUPN01000181740
049 _aCG
050 4 _aHM132
_bS6.2
100 1 _aSpezzano, Chuck
_938025
245 1 0 _a50 maneras de llevarse bien con todo el mundo /
_cChuck Spezzano ; tr. Aida Santapau.
260 _aBarcelona, Esp. :
_bAmat,
_c2003.
300 _a228 p.
534 _pTraducción de:
_t50 ways to get along with absolutely anyone
650 4 _aRelaciones interpersonales
_91551
650 2 _aAutopercepción
_93822
650 4 _aSolución de conflictos
_96402
905 _aLibro
999 _c153843
_d153843